[Event "FIN-chT1A 1112"]
[Site "Finland"]
[Date "2011.09.17"]
[Round "1"]
[White "Haapasalo, Jukka Pekka"]
[Black "Peltola, Leo"]
[Result "1/2-1/2"]
[WhiteElo "2084"]
[BlackElo "2045"]
[PlyCount "53"]
[EventDate "2011.09.17"]
[EventType "team-tourn"]
[EventRounds "7"]
[EventCountry "FIN"]
[SourceTitle "EXT 2019"]
[Source "ChessBase"]
[SourceDate "2018.10.10"]
[SourceVersion "1"]
[SourceVersionDate "2018.10.10"]
[SourceQuality "1"]
[WhiteTeam "Tampere Tammer II"]
[BlackTeam "Vantaa Remi"]
[WhiteTeamCountry "FIN"]
[BlackTeamCountry "FIN"]

1. Nf3 d5 2. g3 c5 3. Bg2 Nf6 4. 0-0 e6 5. c4 Be7 6. cxd5 Nxd5 7. Nc3 Nxc3 8. bxc3 0-0 9. d4 Nc6 10. e4 b6 11. Be3 Bb7 12. Rc1 Na5 13. Qd3 Qc8 14. d5 c4 15. Qd2 exd5 16. exd5 Rd8 17. Ng5 h6 18. Nh3 Qf5 19. Rcd1 Bf6 20. Nf4 Qd7 21. Nh5 Qd6 22. Rfe1 Re8 23. Nxf6+ Qxf6 24. Bf4 Rxe1+ 25. Rxe1 Qd8 26. Be4 Qd7 27. h4 1/2-1/2